000
00273nam a22001097a 4500
082
_a
671 CRE'N
100
_a
NATIONAL PHYSICAL LABORATORY
_9
58370
245
_a
CHEEP AND FRACTURE OF METALS AT HIGH TEMPRATURE
260
_a
LONDON
_b
APL
_c
1956
300
_a
420P
942
_c
BK
999
_c
568565
_d
568565